[Event "Leeds Civil Service-ch 9th"]
[Site "Leeds"]
[Date "1999.??.??"]
[Round "1"]
[White "Walker, Mark"]
[Black "Lane, NS."]
[Result "1-0"]
[WhiteElo "2120"]
[BlackElo "1910"]
[PlyCount "131"]
[EventDate "1999.??.??"]
[EventType "swiss"]
[EventRounds "5"]
[EventCountry "ENG"]
[SourceTitle "EXT 2000"]
[Source "ChessBase"]
[SourceDate "1999.11.16"]
[SourceVersion "1"]
[SourceVersionDate "1999.11.16"]
[SourceQuality "1"]

1. e4 e5 2. Nf3 Nc6 3. Bb5 a6 4. Ba4 d6 5. 0-0 Nf6 6. Re1 Bg4 7. c3 Be7 8. d3 0-0 9. Nbd2 b5 10. Bc2 d5 11. Qe2 d4 12. a3 Bc5 13. h3 Bh5 14. Nf1 Nd7 15. g4 Bg6 16. Ng3 Nb6 17. b4 Be7 18. cxd4 Nxd4 19. Nxd4 Qxd4 20. Rb1 Qd8 21. Bb2 f6 22. Rbc1 a5 23. d4 exd4 24. Qxb5 Be8 25. Qd3 axb4 26. axb4 g6 27. Bxd4 Bf7 28. Rb1 Nc4 29. Red1 Na3 30. Ra1 Bxb4 31. Bb3 c5 32. Bxf7+ Rxf7 33. Qb3 cxd4 34. Qxb4 Nc2 35. Rxa8 Qxa8 36. Qc4 d3 37. Qxd3 Nb4 38. Qc4 Nc6 39. Qd5 Qe8 40. Rc1 Ne5 41. Ra1 Kg7 42. Ra6 Qb8 43. Ra8 Nf3+ 44. Kg2 Nh4+ 45. Kh2 Nf3+ 46. Kg2 Nh4+ 47. Kf1 Qb1+ 48. Ke2 Qc2+ 49. Qd2 Qc4+ 50. Qd3 Qc6 51. Ra6 Qc7 52. Rd6 Ng2 53. Kf1 Nf4 54. Qd2 Nxh3 55. Kg2 Ng5 56. f4 Nxe4 57. Nxe4 Qb7 58. Rd5 Qc6 59. g5 f5 60. Qd4+ Kg8 61. Nf6+ Kg7 62. Kg3 h6 63. Rd8 hxg5 64. Rg8+ Kh6 65. Rh8+ Kg7 66. Nh5# 1-0